01143naa#a2200217#i#4500001001500000005001700015011001400032100004100046101000800087102000700095200024000102210016900342215001100511608004500522675012700567700005600694700004800750700006100798700005200859856001400911RU\\bibl\3055020260630014644.2##a2222-7962##a20191126b2019####ek#y0rusy0150####ca0#aRUS##aRU1#aРЕЗУЛЬТАТЫ ИМИТАЦИОННОГО МОДЕЛИРОВАНИЯ МОДУЛЬНОЙ МНОГОВАЛЬНОЙ ТОРСИОННОЙ ПОДВЕСКИ ЛЕСОВОЗНОГО АВТОМОБИЛЯeЖурнальная статья1#aВоронежcВоронежский государственный лесотехнический университет имени Г.Ф. Морозоваd2019##a11 с.##aЖурнальная статья2local##aСельское хозяйство. Лесное хозяйство. Охота. Рыбное хозяйство. 63zRUS#1aПосметьевgВалерий Иванович#1aНиконовgВадим Олегович#1aЗеликовgВладимир Анатольевич#1aСизьминgИгорь Валерьевич4#azh-szf.ru